Lions of the eighties : the inside story of the powerhouse law firms /

Bibliographic Details
Main Author: Hoffman, Paul, 1934-
Format: Book
Language:English
Published: Garden City, N.Y. : Doubleday, 1982.
Edition:1st ed.
Subjects:

MARC

Tag First Indicator Second Indicator Subfields
LEADER 00000pam a2200000 a 4500
001 in00000095478
005 20150923173604.0
008 811102s1982 nyu b 00110 eng
010 |a  81047866  
020 |a 0385174055 :  |c $17.95 
035 |a (OCoLC)07975936 
035 |9 AAK8119AM 
039 0 |a 2  |b 3  |c 3  |d 3  |e 3 
040 |a DLC  |c DLC  |d TXA  |d UtOrBLW 
043 |a n-us---  |a n-us-ny 
049 |a TXAM  |c [952295] 
050 0 0 |a KF297  |b .H63 1982 
082 0 |a 338.7/6134973  |2 19 
100 1 |a Hoffman, Paul,  |d 1934- 
245 1 0 |a Lions of the eighties :  |b the inside story of the powerhouse law firms /  |c Paul Hoffman. 
250 |a 1st ed. 
264 1 |a Garden City, N.Y. :  |b Doubleday,  |c 1982. 
300 |a xii, 370 pages ;  |c 22 cm. 
336 |a text  |b txt  |2 rdacontent 
337 |a unmediated  |b n  |2 rdamedia 
338 |a volume  |b nc  |2 rdacarrier 
500 |a Revised edition of: Lions in the street. 1973. 
504 |a Includes bibliographical references and index. 
650 0 |a Lawyers  |z New York (State)  |z New York. 
650 0 |a Law firms  |z New York (State)  |z New York. 
650 0 |a Lawyers  |z United States. 
999 |a MARS 
999 f f |s 6633515b-2e08-3483-bb12-8eca3dd13fb8  |i 687045a5-0db3-3254-a770-fb040fb5a5da  |t 0 
952 f f |p ric  |a Texas A&M University  |b Rellis Campus  |c Joint Library Facility  |d Remote Storage  |t 0  |e KF297 .H63 1982  |h Library of Congress classification  |i unmediated -- volume  |m A14806022992 
998 f f |a KF297 .H63 1982  |t 0  |l Remote Storage